Statistiche per Comuni e Regioni

Clicka qui per fare il quiz!

Statistiche generali

  • Questo quiz è stato fatto 485 volte
  • Il punteggio medio è 63 su 66

Statistiche sulle risposte

HintRisposta% Corretto
SciaccaSicilia
99%
SaponaraSicilia
99%
Isola delle FemmineSicilia
99%
CastrofilippoSicilia
99%
CastelterminiSicilia
99%
CaltagironeSicilia
99%
RhoLombardia
97%
CambiagoLombardia
97%
GrottammareMarche
97%
FanoMarche
97%
MolfettaPuglia
97%
ZollinoPuglia
97%
LuceraPuglia
97%
Orsara di PugliaPuglia
97%
CrispianoPuglia
97%
Francavilla FontanaPuglia
97%
Castrocaro Terme e Terra del SoleEmilia-Romagna
96%
CentoEmilia-Romagna
96%
BibbianoEmilia-Romagna
96%
VerucchioEmilia-Romagna
96%
CattolicaEmilia-Romagna
96%
SanremoLiguria
96%
LuPiemonte
96%
ArborioPiemonte
96%
CollegnoPiemonte
96%
ArolaPiemonte
96%
AronaPiemonte
96%
Quartu Sant'ElenaSardegna
96%
Albaredo d'AdigeVeneto
96%
JesoloVeneto
96%
VilladoseVeneto
96%
Sala ConsilinaCampania
95%
VarcaturoCampania
95%
PuglianelloCampania
95%
MaddaloniCampania
95%
CapriCampania
95%
SaccoCampania
95%
Casal di PrincipeCampania
95%
AcerraCampania
95%
AfragolaCampania
95%
PosillipoCampania
95%
CaiazzoCampania
95%
Santa Maria Capua VetereCampania
95%
SermonetaLazio
95%
AmatriceLazio
95%
GrottaferrataLazio
95%
GaetaLazio
95%
FiuggiLazio
95%
ZeriToscana
95%
Campello sul ClitunnoUmbria
95%
Castiglione del LagoUmbria
95%
Pont-Saint-MartinValle d'Aosta
95%
CourmayeurValle d'Aosta
95%
CoculloAbruzzo
94%
CanistroAbruzzo
94%
Caramanico TermeAbruzzo
94%
LauriaBasilicata
94%
MarateaBasilicata
94%
AvianoFriuli-Venezia Giulia
94%
AmanteaCalabria
93%
SquillaceCalabria
93%
PortocannoneMolise
93%
VinchiaturoMolise
93%
MalèTrentino-Alto Adige
92%
TonTrentino-Alto Adige
92%
Termeno sulla Strada del VinoTrentino-Alto Adige
92%

Distribuzione punteggi

Percentile per numero di risposta

Percentuale di utenti per punteggio

I tuoi punteggi nel tempo

Non hai fatto questo quiz